000
00327nam a2200133Ia 4500
005
20260328104344.0
008
260328s9999||||xx |||||||||||||| ||und||
100
_a
Minguet, Anna
245
0
_a
Tiny Hideaways, Oasis in pure Nature /
_c
Anna Minguet
260
_b
Monsa
300
_a
134 p.
650
_a
REFUGIOS
942
_c
BK
999
_c
12241
_d
12241